000 00962nam a2200289Ia 4500
005 20220317001521.0
008 161108s2016 ck g 000 f s
020 _a9789588925431
100 1 _aTolstoi, León Nikolayevich
_d1828-1910
245 1 0 _aGuerra y paz
_cLev Tolstói ; traducción de Gala Arias Rubio
250 _a1a. edición, 1a reimpresión
300 _a1174 páginas
_c19 cm
490 _aPenguin clásicos
500 _aIncluye datos biográficos del autor
534 _tVoina i mir
650 1 4 _2LEMB
_aNovela rusa
_ySiglo XIX
650 1 4 _2LEMB
_aLiteratura rusa
_ySiglo XIX
650 1 4 _2LEMB
_aGuerra en la literatura
700 1 _aArias Rubio, Gala
_etraductora
_974823
942 _2loc
_cBKLIT
264 _aBogotá
_bPenguin Random House
_c[2016]
336 _atexto
_btxt
_2rdacontent
337 _asin mediación
_bn
_2rdamedia
338 _avolumen
_bnc
_2rdacarrier
040 _aCO-BoRNBP
_bspa
_erda
_cCO-BoRNBP
084 _aN TOL1
999 _c7222
_d7222